MARC details
| 000 -CABECERA |
| campo de control de longitud fija |
03542nam a2200481 a 4500 |
| 001 - NÚMERO DE CONTROL |
| campo de control |
000103440 |
| 003 - IDENTIFICADOR DEL NÚMERO DE CONTROL |
| campo de control |
CHAP |
| 005 - FECHA Y HORA DE LA ÚLTIMA TRANSACCIÓN |
| campo de control |
20250121113139.0 |
| 007 - CAMPO FIJO DE DESCRIPCIÓN FÍSICA--INFORMACIÓN GENERAL |
| campo de control de longitud fija |
cr ||||||a|c|a |
| 008 - DATOS DE LONGITUD FIJA--INFORMACIÓN GENERAL |
| campo de control de longitud fija |
101122s2010 mx r 00010 spa d |
| 035 ## - NÚMERO DE CONTROL DEL SISTEMA |
| Número de control de sistema |
111561 |
| 040 ## - FUENTE DE LA CATALOGACIÓN |
| Centro/agencia transcriptor |
CHAP |
| 090 ## - LOCALMENTE ASIGNADO TIPO-LC NÚMERO DE CLASIFICACIÓN (OCLC); NÚMERO DE CLASIFICACIÓN LOCAL (RLIN) |
| Número de clasificación (OCLC) (R) ; Numero de clasificación, CALL (RLIN) (NR) |
Tesis |
| 100 1# - ENTRADA PRINCIPAL--NOMBRE DE PERSONA |
| Nombre de persona |
Pérez Alcázar, Reyna Catalina. |
| 9 (RLIN) |
89498 |
| 245 13 - MENCIÓN DE TÍTULO |
| Título |
La migración dentro del sistema de vida campesino de los tzeltales de Aguacatenango, Chiapas |
| Mención de responsabilidad, etc. |
/por Reyna Catalina Pérez Alcázar; director de tesis Raúl Andrés Pérez- Govas Garza. |
| 264 #1 - PRODUCCIÓN, PUBLICACIÓN, DISTRIBUCIÓN, FABRICACIÓN Y COPYRIGHT |
| Producción, publicación, distribución, fabricación y copyright |
San Cristobal de las Casas, Chis. : |
| Nombre del de productor, editor, distribuidor, fabricante |
El autor, |
| Fecha de producción, publicación, distribución, fabricación o copyright |
2010. |
| 300 ## - DESCRIPCIÓN FÍSICA |
| Extensión |
1 recurso en línea (192 páginas).: |
| Otras características físicas |
cuadros, figuras. |
| 336 ## - TIPO DE CONTENIDO |
| Fuente |
rdacontent |
| Término de tipo de contenido |
texto |
| Código de tipo de contenido |
txt |
| 337 ## - TIPO DE MEDIO |
| Fuente |
rdamedia |
| Nombre/término del tipo de medio |
computadora |
| Código del tipo de medio |
c |
| 338 ## - TIPO DE SOPORTE |
| Fuente |
rdacarrier |
| Nombre/término del tipo de soporte |
recursos en línea |
| Código del tipo de soporte |
cr |
| 502 ## - NOTA DE TESIS |
| Tipo de título |
Maestría en Ciencias en Desarrollo Rural Regional |
| Nombre de la institución que otorga el título |
Dirección de Centros Regionales Universitarios |
| Año de obtención del título |
2010. |
| Información miscelánea |
Maestría |
| 520 ## - SUMARIO, ETC. |
| Sumario, etc. |
Aguacatenango es una comunidad indígena tzeltal que mantiene costumbres y tradiciones apoyadas en el intercambio de bienes y servicios entre familias, en la reciprocidad y en el compadrazgo. Muestra una economía campesina basada en la producción familiar para satisfacer las necesidades de autoabasto de la unidad doméstica a través de la agricultura (cultivo de milpa de temporal, mano de obra familiar con uso elevado de agroquímicos), aunque su principal actividad generadora de ingresos es la venta foránea de fuerza de trabajo. La comunidad muestra un sistema de vida complejo que depende de la diversificación de estrategias. El objetivo fue identificar las causas de la migración, sus repercusiones económicas, el papel de cada uno de los miembros de la unidad doméstica y el impacto en el sistema de vida campesino. Se realizó un estudio de caso en Aguacatenango, comunidad tzeltal de Venustiano Carranza, Chiapas; se aplicó una metodología deductiva, con el apoyo de herramientas convencionales y participativas de investigación social. Los resultados muestran que los elementos del sistema de vida campesino no pueden ser analizados de forma independiente y simétrica. El esquema del pentágono de los sistemas de vida sostenibles puede utilizarse para analizar los recursos: humano, social, natural, físico y financiero de la unidad doméstica. Un elemento importante es el recurso financiero, que se convierte en el motor de la economía campesina a través de la migración; como impacto positivo genera el mayor porcentaje de los ingresos de la familia, pero trae como consecuencia negativa la inestabilidad al interior de la familia, y la dependencia de la unidad doméstica del mercado de trabajo foráneo y de las redes sociales. |
| 650 14 - PUNTO DE ACCESO ADICIONAL DE MATERIA--TÉRMINO DE MATERIA |
| Término de materia o nombre geográfico como elemento de entrada |
Campesinado |
| Subdivisión general |
Chiapas. |
| 9 (RLIN) |
18001 |
| 650 14 - PUNTO DE ACCESO ADICIONAL DE MATERIA--TÉRMINO DE MATERIA |
| Término de materia o nombre geográfico como elemento de entrada |
Comunidades rurales. |
| 9 (RLIN) |
26254 |
| 650 14 - PUNTO DE ACCESO ADICIONAL DE MATERIA--TÉRMINO DE MATERIA |
| Término de materia o nombre geográfico como elemento de entrada |
Migración rural. |
| 9 (RLIN) |
75609 |
| 650 14 - PUNTO DE ACCESO ADICIONAL DE MATERIA--TÉRMINO DE MATERIA |
| Término de materia o nombre geográfico como elemento de entrada |
Vida rural. |
| 9 (RLIN) |
119152 |
| 700 1# - PUNTO DE ACCESO ADICIONAL--NOMBRE DE PERSONA |
| Nombre de persona |
Pérez-Grovas Garza, Raúl Andrés |
| 9 (RLIN) |
90133 |
| Término indicativo de función/relación |
Director de tesis. |
| 856 ## - LOCALIZACIÓN Y ACCESO ELECTRÓNICOS |
| Identificador Uniforme del Recurso |
http://10.13.5.2/tesis/111561.pdf |
| Nota pública |
DESCARGAR PDF |
| 942 ## - ELEMENTOS DE PUNTO DE ACCESO ADICIONAL (KOHA) |
| Tipo de ítem Koha |
Tesis digital |
| Fuente del sistema de clasificación o colocación |
Clasificación Universidad Autónoma Chapingo |
| 590 ## - NOTA LOCAL (RLIN) |
| Nota local |
ALEPH |
| Procedencia (VM) [OBSOLETO] |
10 |
| Condición del los carretes individuales (VM) [OBSOLETO] |
20130110 |
| 590 ## - NOTA LOCAL (RLIN) |
| Nota local |
BATCH-UPD |
| Procedencia (VM) [OBSOLETO] |
10 |
| Condición del los carretes individuales (VM) [OBSOLETO] |
20130110 |
| 590 ## - NOTA LOCAL (RLIN) |
| Nota local |
BATCH-UPD |
| Procedencia (VM) [OBSOLETO] |
10 |
| Condición del los carretes individuales (VM) [OBSOLETO] |
20130410 |
| 590 ## - NOTA LOCAL (RLIN) |
| Nota local |
BATCH-UPD |
| Procedencia (VM) [OBSOLETO] |
10 |
| Condición del los carretes individuales (VM) [OBSOLETO] |
20130914 |
| 590 ## - NOTA LOCAL (RLIN) |
| Nota local |
BATCH-UPD |
| Procedencia (VM) [OBSOLETO] |
10 |
| Condición del los carretes individuales (VM) [OBSOLETO] |
20140324 |
| 590 ## - NOTA LOCAL (RLIN) |
| Nota local |
BATCH-UPD |
| Procedencia (VM) [OBSOLETO] |
10 |
| Condición del los carretes individuales (VM) [OBSOLETO] |
20141002 |
| 590 ## - NOTA LOCAL (RLIN) |
| Nota local |
CONVERSION |
| Procedencia (VM) [OBSOLETO] |
10 |
| Condición del los carretes individuales (VM) [OBSOLETO] |
20130109 |
| 590 ## - NOTA LOCAL (RLIN) |
| Nota local |
E11695DGD |
| Procedencia (VM) [OBSOLETO] |
10 |
| Condición del los carretes individuales (VM) [OBSOLETO] |
20130319 |
| 901 ## - ELEMENTOS DE DATOS A LOCAL LDA (RLIN) |
| a |
BK |
| 949 ## - PROCESAMIENTO DE INFORMACIÓN LOCAL (OCLC) |
| a |
Tesis |
| b |
BC |
| c |
TES |
| d |
33724002222446 |
| e |
TS1 |
| g |
DonaciØn |
| h |
51494 |
| i |
111561 |
| s |
b |
| 949 ## - PROCESAMIENTO DE INFORMACIÓN LOCAL (OCLC) |
| a |
Tesis |
| b |
BC |
| c |
TES |
| d |
33724002222561 |
| e |
TS2 |
| f |
c.2 |
| g |
DonaciØn |
| h |
51495 |
| i |
111561 |
| s |
b |